000 00720nam a2200289Ia 4500
005 20260324134720.0
008 008 260324s9999 xx 000 0 eng d
020 _a9780429240201
037 _aEBOOK
040 _aCRL
040 _beng
040 _cCRL
041 _2eng
041 _aeng
084 _qCRL
100 _aCarole Nakhle
_91197876
245 0 _aPetroleum Taxation
245 0 _bSharing the Oil Wealth: A Study of Petroleum Taxation Yesterday, Today and Tomorrow
260 _bTaylor and Francis
260 _c2001
365 _a
365 _b280
856 _uhttp://www.taylorfrancis.com/books/9780429240201
942 _cEBOOK
999 _c1798241
_d1798241